| 000 | 01079nam a2200277Ia 4500 | ||
|---|---|---|---|
| 003 | OSt | ||
| 005 | 20221005112018.0 | ||
| 006 | a|||||r|||| 00| 0 | ||
| 007 | ta | ||
| 008 | 221004b |||||||| |||| 00| 0 san d | ||
| 020 |
_a9789381189009 (pbk) _c250 |
||
| 024 | _a2225 | ||
| 037 |
_b298, 30/11/2012, Eastern Book Linkers _cTextual |
||
| 040 |
_aCRL _cCRL _bsan |
||
| 041 |
_2san _asan |
||
| 082 | _aO15,7DTR,1, 152Q1 | ||
| 100 | _aभट्ट, त्रिविक्रम | ||
| 245 | 0 | _aनलचम्पूः | |
| 246 | _aNalachampūah | ||
| 260 |
_aवाराणसी _bभारतीय विद्या संस्थान भारत _c2011 |
||
| 300 |
_a868पृ0 _ccm. |
||
| 650 | _aहिन्दी साहित्य | ||
| 700 | _a पाण्डेय, धुरन्धर, संपा. | ||
| 942 |
_hO15,7DTR,1, 152Q1 _cTEXL _2cc |
||
| 999 |
_c1023558 _d1023558 |
||